Advanced surveying (Record no. 10097)

000 -LEADER
fixed length control field 00626nam a22002171 4500
001 - CONTROL NUMBER
control field 10097
003 - CONTROL NUMBER IDENTIFIER
control field BD-DhUET
008 - FIXED-LENGTH DATA ELEMENTS--GENERAL INFORMATION
fixed length control field 750626s1941 nyuak b 000 0 eng
040 ## - CATALOGING SOURCE
Original cataloging agency DLC
Transcribing agency DLC
Modifying agency BD-DhUET
082 ## - DEWEY DECIMAL CLASSIFICATION NUMBER
Classification number 526.9
Item number SOM/1982
100 ## - MAIN ENTRY--PERSONAL NAME
Personal name Som, P
245 10 - TITLE STATEMENT
Title Advanced surveying
250 ## - EDITION STATEMENT
Edition statement 1st ed.
260 ## - PUBLICATION, DISTRIBUTION, ETC. (IMPRINT)
Place of publication, distribution, etc. New Delhi
Name of publisher, distributor, etc. D. Van Nostrand Publishing
Date of publication, distribution, etc. 1982
300 ## - PHYSICAL DESCRIPTION
Extent XII, 275
Dimensions 20 cm.
500 ## - GENERAL NOTE
General note "Supplementary to volume I, Elementary surveying."--Pref.
"References" at end of each chapter except one
504 ## - BIBLIOGRAPHY, ETC. NOTE
Bibliography, etc Includes bibliographies
650 #0 - SUBJECT ADDED ENTRY--TOPICAL TERM
Topical term or geographic name as entry element Surveying
700 ## - ADDED ENTRY--PERSONAL NAME
Personal name Ghosh, B. N.
942 ## - ADDED ENTRY ELEMENTS (KOHA)
Koha item type General Book
Holdings
Copy number Source of classification or shelving scheme Koha normalized classification for sorting Koha full call number Location (home branch) Koha date last seen Date acquired Damaged status Sublocation or collection (holding branch) Withdrawn status Piece designation (barcode) Koha item type Price effective from Not for loan Lost status Shelving location
1 526_900000000000000_SOM_1982526.9/SOM/1982Central Library, BUET2015-02-042015-02-04 Central Library, BUET 65050General Book2015-02-04  Circulation section
2 526_900000000000000_SOM_1982526.9/SOM/1982Central Library, BUET2015-03-232015-03-23 Central Library, BUET 57327General Book2015-03-23  Circulation section